| 000 | 00379cam a2200145ua 4500 | ||
|---|---|---|---|
| 041 |
_aeng _h |
||
| 082 |
_a828 _bBET/TH |
||
| 100 | _aBathers, Ray . | ||
| 245 |
_aThis is our world:story and pictures / _cRay bathers. _hTextual Documents |
||
| 260 |
_aLondon : _bMacMillan and Company Limited , _c1964. |
||
| 300 | _a47 ; . | ||
| 504 | _a | ||
| 942 | _cBK | ||
| 999 |
_c12553 _d12553 |
||